| Tag |
First Indicator |
Second Indicator |
Subfields |
| LEADER |
00000cam a2200000Ia 4500 |
| 001 |
in00002455152 |
| 005 |
20151110123612.0 |
| 008 |
090422s2008 txuab b s000 0 eng d |
| 035 |
|
|
|a (OCoLC)ocn318976686
|
| 035 |
|
|
|a (OCoLC)318976686
|
| 040 |
|
|
|a IKM
|c IKM
|d TXA
|d UtOrBLW
|
| 043 |
|
|
|a n-us-tx
|
| 049 |
|
|
|a TXAM
|
| 086 |
|
|
|a A1900.7 P422 NO.4751
|2 txdocs
|
| 090 |
|
|
|a F392.C7
|b M34 2008
|
| 100 |
1 |
|
|a McGhee, Fred L.
|
| 245 |
1 |
0 |
|a Archaeological survey of reclaimed waterline from S. Old Bastrop Hwy to York Creek near Hunter, Texas /
|c principal investigator, Fred L. McGhee ; with contributions from Stacy M. Evans.
|
| 264 |
|
1 |
|a Austin, TX :
|b Fred L. McGhee and Assoc.,
|c [2008]
|
| 300 |
|
|
|a ii, 12 pages :
|b color illustrations, color maps ;
|c 28 cm.
|
| 336 |
|
|
|a text
|b txt
|2 rdacontent
|
| 337 |
|
|
|a unmediated
|b n
|2 rdamedia
|
| 338 |
|
|
|a volume
|b nc
|2 rdacarrier
|
| 500 |
|
|
|a "Texas Antiquities [Committee] permit number 4751."
|
| 500 |
|
|
|a "February 2008."
|
| 504 |
|
|
|a Includes bibliographical references (pages 8-9).
|
| 650 |
|
0 |
|a Archaeological surveying
|z Texas
|z Comal County.
|
| 650 |
|
0 |
|a Excavations (Archaeology)
|z Texas
|z Comal County.
|
| 651 |
|
0 |
|a Comal County (Tex.)
|x Antiquities.
|
| 700 |
1 |
|
|a Evans, Stacy M.
|
| 710 |
2 |
|
|a Texas Antiquities Committee.
|
| 948 |
|
|
|a cataloged
|b h
|c 2009/6/9
|d o
|e tchubaryan
|f 4:44:07 pm
|
| 994 |
|
|
|a C0
|b TXA
|
| 999 |
|
|
|a MARS
|
| 999 |
f |
f |
|s eb07eb44-c64f-38a7-86b0-ab5c48d36725
|i 1356b4ef-4273-3e00-9bba-911b4ed1fcfb
|t 0
|
| 952 |
f |
f |
|p ric
|a Texas A&M University
|b Rellis Campus
|c Joint Library Facility
|d Remote Storage
|t 0
|e F392.C7 M34 2008
|h Library of Congress classification
|i unmediated -- volume
|m A14838809956
|
| 998 |
f |
f |
|a F392.C7 M34 2008
|t 0
|l Remote Storage
|